ADVANCED SIGNAL PROCESSING TECHNIQUES FOR DENOISING/SIGNAL ENHANCEMENT OF EDDY CURRENT NDT DATA / (Record no. 535749)

000 -LEADER
fixed length control field 00534nam a22001457a 4500
082 ## - DEWEY DECIMAL CLASSIFICATION NUMBER
Classification number 621.3
100 ## - MAIN ENTRY--PERSONAL NAME
Personal name Taufeeq Ahmed,Syed
245 ## - TITLE STATEMENT
Title ADVANCED SIGNAL PROCESSING TECHNIQUES FOR DENOISING/SIGNAL ENHANCEMENT OF EDDY CURRENT NDT DATA /
Statement of responsibility, etc. Syed Taufeeq Ahmed
260 ## - PUBLICATION, DISTRIBUTION, ETC.
Place of publication, distribution, etc. Islamabad :
Name of publisher, distributor, etc. PNEC - NUST,
Date of publication, distribution, etc. 2015.
300 ## - PHYSICAL DESCRIPTION
Extent i, 57 p. : ill. ;
Dimensions 30cm.
942 ## - ADDED ENTRY ELEMENTS (KOHA)
Source of classification or shelving scheme
Koha item type Thesis
650 ## - SUBJECT ADDED ENTRY--TOPICAL TERM
Topical term or geographic name entry element Electrical Engineering MS-Thesis.
700 ## - ADDED ENTRY--PERSONAL NAME
Personal name Dr. Tariq Mairaj Rasool Khan.
650 ## - SUBJECT ADDED ENTRY--TOPICAL TERM
-- 16073
700 ## - ADDED ENTRY--PERSONAL NAME
-- 29828
Holdings
Withdrawn status Lost status Source of classification or shelving scheme Damaged status Not for loan Permanent Location Current Location Shelving location Date acquired Full call number Barcode Date last seen Price effective from Non-public note Koha item type
          Central Library (CL) Central Library (CL) Thesis 09/22/2020 621.3 CL-T-6109 09/22/2020 09/22/2020 Minute Sheet No. 0929/02/CL/Survey/5 dated 23rd April 2024 E-MIN ID 114741 Thesis
© 2023 Central Library, National University of Sciences and Technology. All Rights Reserved.